000 01171cam a22003497a 4500
003 CHAP
005 20220329141834.0
008 971202d1997 mx r 00110 spa d
010 _a74612
011 _a75584
035 _a85150
040 _cCHAP
090 _aTesis
100 0 0 _aEscamilla Plata, J. Teresa.
_937447
245 1 0 _aAnálisis descriptivo cuantitativo en café
_c/por J. Teresa Escamilla Plata
260 _aChapingo, Méx. :
_bEl autor,
_c1997.
300 _a78 h. :
_bgráfs.
502 _aTesis (Ing. Agroindustrial) -- UACH. Departamento de Ingeniería Agroindustrial
590 _aALEPH
_b10
_c20130110
_lUCH01
_h1420
590 _aBATCH-UPD
_b10
_c20130110
_lUCH01
_h0654
590 _aBATCH-UPD
_b10
_c20130410
_lUCH01
_h0339
590 _aBATCH-UPD
_b10
_c20130914
_lUCH01
_h0811
590 _aCONVERSION
_b10
_c20130109
_lUCH01
_h1341
650 1 4 _aCafé
_xAnálisis.
_917089
650 1 4 _aCafé
_xMercadeo.
_917169
650 1 4 _aCafé
_xVariedades.
_917208
901 _aBK
905 _aAlejandra Carrasco M.
942 _cFOLL
949 _bBC
_cTES
_d33724000636775
_eTS2
_fc.2
_h31237
_i85150
_si
949 _bBC
_cTES
_d851501
_eTS1
_h31236
_i85150
_sb
999 _c74612
_d74612